[Event "ACUA Bling"]
[Site "Argentina"]
[Date "2019.12.??"]
[Round "3.4"]
[White "Chavero, Victor Jesus"]
[Black "Perrone, Gabriel"]
[Result "1-0"]
[WhiteElo "1253"]
[BlackElo "1377"]
[PlyCount "153"]
[EventDate "2019.12.02"]
[EventType "tourn"]
[EventRounds "7"]
[EventCountry "ARG"]
[SourceTitle "EXT 2024"]
[Source "ChessBase"]
[SourceDate "2023.10.10"]
[SourceVersion "1"]
[SourceVersionDate "2023.10.10"]
[SourceQuality "1"]

1. d4 d5 2. e3 Nf6 3. Bd3 g6 4. Nd2 Bg7 5. b3 Nc6 6. Bb2 Bd7 7. Ngf3 a5 8. a3 Na7 9. Qe2 b6 10. e4 dxe4 11. Nxe4 Nxe4 12. Bxe4 Bc6 13. Bxc6+ Nxc6 14. Rd1 0-0 15. 0-0 Re8 16. Rfe1 e6 17. Ne5 Nxe5 18. dxe5 Qe7 19. Rd3 Rad8 20. Red1 Rxd3 21. Rxd3 Rd8 22. Rxd8+ Qxd8 23. Qd3 Qxd3 24. cxd3 Kf8 25. Kf1 Ke7 26. f4 c5 27. Ke2 Kd7 28. d4 Bf8 29. Kd3 Kc6 30. a4 b5 31. Bc3 b4 32. Bb2 Kd5 33. dxc5 Bxc5 34. g4 Bg1 35. h3 h6 36. Bc1 Bh2 37. Be3 Kc6 38. Kc4 Bg3 39. Kd3 Bh4 40. Ke4 Be7 41. Bf2 f6 42. exf6 Bxf6 43. Bd4 Bxd4 44. Kxd4 Kd6 45. Ke4 Ke7 46. Ke5 Kf7 47. h4 Ke7 48. f5 g5 49. hxg5 exf5 50. Kxf5 hxg5 51. Kxg5 Kf7 52. Kf5 Kg7 53. Ke5 Kg6 54. Kd5 Kg5 55. Kc5 Kxg4 56. Kb5 Kf5 57. Kxa5 Ke6 58. Kb6 Kd6 59. a5 Kd5 60. a6 Kd4 61. a7 Kc3 62. a8Q Kxb3 63. Qa1 Kc4 64. Qb2 b3 65. Ka5 Kd3 66. Qxb3+ Ke4 67. Kb5 Kd4 68. Qc4+ Ke5 69. Kc5 Kf5 70. Qd4 Ke6 71. Qd5+ Kf6 72. Kd6 Kg6 73. Qe5 Kh6 74. Qg3 Kh5 75. Ke6 Kh6 76. Kf6 Kh5 77. Qg5# 1-0

[Event "San Rafael Cup Blind"]
[Site "San Rafael"]
[Date "2019.09.21"]
[Round "4.5"]
[White "Cayo, Ana Carolina"]
[Black "Chavero, Victor Jesus"]
[Result "1-0"]
[WhiteElo "1627"]
[BlackElo "1643"]
[PlyCount "73"]
[EventDate "2019.09.20"]
[EventType "swiss"]
[EventRounds "5"]
[EventCountry "ARG"]
[SourceTitle "EXT 2024"]
[Source "ChessBase"]
[SourceDate "2023.10.10"]
[SourceVersion "1"]
[SourceVersionDate "2023.10.10"]
[SourceQuality "1"]

1. Nf3 e6 2. d4 d5 3. Bg5 Be7 4. Bf4 b6 5. e3 a6 6. Nbd2 Bb7 7. Bd3 Nf6 8. c3 0-0 9. Qc2 Nbd7 10. 0-0 c5 11. Qd1 c4 12. Bc2 Ne4 13. Ne5 Rc8 14. f3 Nxd2 15. Qxd2 Nf6 16. Qf2 Bd6 17. Qh4 Bxe5 18. dxe5 h6 19. exf6 Qxf6 20. Qxf6 gxf6 21. Bxh6 Rfe8 22. f4 Kh8 23. Rf3 Rg8 24. Rh3 Rg7 25. Bxg7+ Kxg7 26. Rh7+ Kg8 27. Rf1 d4 28. exd4 Re8 29. Re1 f5 30. Rh5 f6 31. Bxf5 Kg7 32. Rxe6 Rg8 33. Re7+ Kf8 34. Rxb7 Rg7 35. Rh8+ Rg8 36. Rhh7 Rg7 37. Rhxg7 1-0

[Event "Realico Blind"]
[Site "Realico"]
[Date "2019.08.03"]
[Round "3.4"]
[White "Morelli, Daniel"]
[Black "Chavero, Victor Jesus"]
[Result "1-0"]
[WhiteElo "1723"]
[BlackElo "1625"]
[PlyCount "131"]
[EventDate "2019.08.02"]
[EventType "swiss"]
[EventRounds "5"]
[EventCountry "ARG"]
[SourceTitle "EXT 2024"]
[Source "ChessBase"]
[SourceDate "2023.10.10"]
[SourceVersion "1"]
[SourceVersionDate "2023.10.10"]
[SourceQuality "1"]

1. d4 Nf6 2. b3 g6 3. Nd2 Bg7 4. Bb2 d6 5. Ngf3 Nbd7 6. e3 0-0 7. Bd3 c5 8. 0-0 e6 9. Nc4 d5 10. Nce5 cxd4 11. Bxd4 Nxe5 12. Nxe5 Ne8 13. f4 f6 14. Ng4 h5 15. Nf2 e5 16. fxe5 fxe5 17. Bb2 Bf5 18. e4 Be6 19. exd5 Bxd5 20. Bxg6 h4 21. Qh5 Nf6 22. Qxe5 Bf7 23. Bf5 Ne8 24. Qe4 Bxb2 25. Qg4+ Bg7 26. Rae1 Nf6 27. Qxh4 Re8 28. Ng4 Rxe1 29. Rxe1 Nxg4 30. Qxg4 Qf6 31. Rf1 Qe7 32. h4 Re8 33. h5 Qe2 34. Qg3 Bxh5 35. Bd3 Qe3+ 36. Qxe3 Rxe3 37. Bc4+ Kh7 38. Rf4 Re1+ 39. Kf2 Rc1 40. Bd3+ Bg6 41. Rh4+ Bh6 42. Rd4 Bxd3 43. cxd3 Rc2+ 44. Kf3 Rxa2 45. Rd7+ Bg7 46. Rxb7 Ra3 47. d4 Kg8 48. Rb8+ Bf8 49. Ke4 Ra2 50. g4 Ra6 51. b4 Re6+ 52. Kf5 Rd6 53. Ke4 Rb6 54. Rxb6 axb6 55. b5 Kf7 56. Kd5 Kg6 57. Kc6 Kg5 58. d5 Kf6 59. Kxb6 Ke7 60. Kc6 Kd8 61. d6 Bg7 62. b6 Be5 63. g5 Kc8 64. g6 Kd8 65. b7 Ke8 66. b8Q# 1-0

[Event "Colombia Conmemorativo Tiflo 19th"]
[Site "Colombia"]
[Date "2019.07.15"]
[Round "1.9"]
[White "Grosso, Raul"]
[Black "Chavero, Victor Jesus"]
[Result "1-0"]
[WhiteElo "1746"]
[BlackElo "1253"]
[PlyCount "79"]
[EventDate "2019.07.15"]
[EventType "swiss"]
[EventRounds "7"]
[EventCountry "COL"]
[SourceTitle "EXT 2024"]
[Source "ChessBase"]
[SourceDate "2023.10.10"]
[SourceVersion "1"]
[SourceVersionDate "2023.10.10"]
[SourceQuality "1"]

1. d4 Nf6 2. Bg5 e6 3. Nf3 d5 4. e3 Nbd7 5. Nbd2 a6 6. Bd3 Be7 7. 0-0 c5 8. c3 c4 9. Bc2 0-0 10. Ne5 Ne8 11. Bxe7 Qxe7 12. f4 Nxe5 13. fxe5 f6 14. Nf3 f5 15. h3 Bd7 16. Nh2 Rf7 17. g4 g6 18. Qe1 Ng7 19. Qg3 Raf8 20. a4 g5 21. Rf2 f4 22. exf4 gxf4 23. Qg2 Qg5 24. Nf3 Qe7 25. h4 Kh8 26. Ng5 f3 27. Nxf7+ Rxf7 28. Rxf3 Rxf3 29. Qxf3 Kg8 30. Rf1 Be8 31. h5 h6 32. Qf4 Qf7 33. Qxh6 Nf5 34. gxf5 Qg7+ 35. Qxg7+ Kxg7 36. f6+ Kg8 37. h6 Bf7 38. Rf2 Kh8 39. Rg2 Bh5 40. Rg7 1-0